000 00419nam a2200121Ia 4500
008 220620s9999||||xx |||||||||||||| ||und||
245 0 _aHydrodynamics
_bNatural Water Bodies
546 _aEnglish[eng]
650 _aMechanics of fluids
700 _aEdmar Schulz, Harry||Andrade Sim&#245, Luiz||Jahara Lobosco, Raquel
856 _uhttps://mts.intechopen.com/storage/books/841/authors_book/authors_book.pdf
942 _cEB
999 _c27359
_d27359